000 00421nam a22001097a 4500
082 _a340
100 _aत्रिपाठी ,डॉ सुरेश मणि
_983378
245 _aभारतीय साक्ष्य अधिनियम .2023 (क्र 47 स्ं 2023
260 _aरायपुर
_bराज लॉ पब्लिकेशन
_c2025
650 _aकानून
942 _cC. BOOKS
999 _c68262
_d68262